Internet Girl - Katseye lyrics - Statistics

General Stats
  • This quiz has been taken 264 times
  • The average score is 311 of 366
Answer Stats
Answer % Correct
hear
99%
I
99%
(I
99%
I’m
99%
in
99%
In
99%
internet
99%
the
99%
you
99%
you,
99%
you)
99%
girl
98%
Haven’t
98%
haven’t
98%
heard?
97%
heard
97%
eat
96%
(eat
96%
(Eat
96%
her”
96%
of
96%
me?
95%
me
95%
zucchini,
95%
zucchini
95%
zucchini)
95%
it
92%
it,
92%
out
92%
like
91%
my
91%
every
90%
it’s
90%
picture
90%
do
89%
(do
89%
emoji?
89%
emoji?)
89%
getting
89%
go
89%
here
89%
a
88%
“Oh
88%
oh,
88%
want
88%
what
88%
word?
88%
what’s
87%
What’s
87%
god,
86%
god
86%
is
86%
read
86%
so
78%
so,
78%
that
76%
be
70%
all
69%
how
69%
much,
69%
your
69%
always
68%
made
68%
just
67%
too
67%
turn
66%
screen
64%
that’s
64%
isn’t
63%
take
63%
fault
62%
fear
62%
screenshot
62%
’cause
60%
hot
59%
need
59%
better
58%
on
57%
know
56%
never
56%
yeah,
56%
Yeah,
56%
momma
55%
yes,
55%
Click
54%
click
54%
might
54%
feelings,
53%
hate
53%
keep
53%
ten
53%
ten,
53%
maybe
52%
overrated
52%
got
48%
breathin’
46%
not
45%
jealousy’s
38%
and
32%
nobody
27%
ooh,
26%
stop
26%
for
25%
day,
21%
No matching quizzes found
Score Distribution
Percent of People with Each Score
Percentile by Number Answered
Your Score History
You have not taken this quiz